12 Ways Not to 'Pout' Quiz Stats

 Plays Quiz Updated Feb 11, 2019

Support Sporcle.
Go Orange.
Score 0/12 Timer 01:00
3 Plays Today
% Correct
Bout
89.9%
Lout
84.8%
Tout
82.6%
Gout
81.9%
Rout
81.8%
Dout
71.8%
Port
65.9%
Pour
63.8%
Post
60.1%
Poet
35.8%
Pouf
31.5%
Phut
26.6%

From the Vault

US President per Decade

by enough

History 3m
Just consider this quiz yet another step in mastering the Presidents of the USA.
Remove Ads.
Support Sporcle.
Get the best of Sporcle when you Go Orange. This ad-free experience offers more features, more stats, and more fun while also helping to support Sporcle. Thank you for becoming a member.

Show Comments

Extras

Top Quizzes Today


Score Distribution

Your Account Isn't Verified!

In order to create a playlist on Sporcle, you need to verify the email address you used during registration. Go to your Sporcle Settings to finish the process.

Report this User

Report this user for behavior that violates our Community Guidelines.

Details: